000 00502nam a2200181Ia 4500
005 20250508154526.0
008 008 250505s9999 xx 000 0 eng d
037 _aTextual
040 _aFEDL
_beng
_cFEDL
041 _aeng
_2eng
084 _a412, SAL
_qFEDL
100 _aSalomon Louis B
_967373
245 0 _aSemantics and common sense
260 _aNew York, USA
_bHolt, Rinehart and Winston
_c1966
300 _aix,179p
942 _cTEXL
_h412, SAL
999 _c1350770
_d1350770